000 00281nam a22001217a 4500
008 170512b xxu||||| |||| 00| 0 eng d
041 _aeng
080 _a94
100 _a16
101 _aSHJ
245 _aSECURITTY AND ECONOMY IN THE THIRD WORLD
_cBALL.N
942 _2udc
_cBK
999 _c13298
_d13298